Enciclopedia de la música /

Podrobná bibliografie
Hlavní autor: Hamel, Fred (autor)
Další autoři: Hürlimann, Martin (autor)
Médium: Souprava
Jazyk:Spanish
Vydáno: México: Cumbre, 1954.
Edice:Enciclopedia de la música
Témata:

MARC

LEADER 00000cac a2200000 i 4500
003 Ucuenca
005 20230308212440.0
006 a||||gr|||| 0|1 0
007 ta
008 961050s1954 sp aaaagr|||| 00||| spa a
040 |b spa  |a UCuenca-cdrjbv  |c UCuenca  |e rda 
041 0 |a spa 
082 0 |2 21  |a 780  |c 115455 
100 1 |9 6169  |a Hamel, Fred  |e autor 
245 0 |a Enciclopedia de la música /   |c Fred Hamel y Martín Hürlimann.  
264 1 |a México:   |b Cumbre,   |c 1954. 
300 |a 881-1394 páginas:   |b gra  |c 24 cm 
336 |2 rdacontent  |a texto  |b txt 
337 |2 rdamedia  |a no mediado  |b n 
338 |2 rdacarrier  |a volumen  |b nc 
490 |a Enciclopedia de la música   |n  no. 3 
505 0 |a La música y el teatro -- Música y sociedad. 
650 1 7 |a Enciclopedia de la musica  |9 101152  |2 UCuenca-cdrjbv 
650 1 7 |a Teatro  |9 442  |2 UCuenca-cdrjbv 
650 1 7 |a Critica musical  |9 5719  |2 UCuenca-cdrjbv 
700 1 7 |a Hürlimann, Martin  |9 6170  |e autor 
773 |g 881-1394 páginas: 
852 |a UC-CDJBV  |f Compra  |l 1  |m Limitada  |p 19610502  |q 150,00  |r 2  |t 115455  |y 71967  |b 1  |d CDRC  |e CDRC  |g 780 TERCER PISO  |z 1961-10-50 
942 |c BK  |2 ddc  |z maria.lopezr@ucuenca.edu.ec 
999 |c 122119  |d 122119